000 00459nam a2200145 a 4500
001 000030342
005 20200930062250.0
008 110510s1994 dr 000 0 spa d
040 _aDO-SdBNP
_bspa
_cBNPHU
082 _axxxx
_bQ3u
245 0 3 _aLo que usted debe saber sobre las enfermedades de transmisión sexual.
260 _aSanto Domingo :
_bCentro de Orientación e Investigación Integral,
_c1994.
300 _a15 p. :
_bil. ;
_c20 cm.
049 _aBNPD
999 _c29834
_d29834